000
00391nam a2200133Ia 4500
008
100328s9999 xx 000 0 und d
082
_b
67399
100
_a
ठाकूर दिलीप.
245
_a
तीन देवियाँ.
260
_b
नवचैतन्य.
630
_a
तीन देवियाँ.
730
_a
तीन देवियाँ.
942
_c
BOOK
999
_c
553138
_d
553135